MARC

LEADER 00000nam0a2200000 4500
001 255911
005 20231101233052.0
035 |a (RuTPU)RU\TPU\book\278537 
090 |a 255911 
100 |a 20140403d1978 m y0rusy50 ca 
101 0 |a rus 
102 |a RU 
105 |a a j 001zy 
200 1 |a Лекции по статистической физике  |e учебное пособие для вузов  |f А. Д. Степухович, В. А. Улицкий 
210 |a Москва  |c Высшая школа  |d 1978 
215 |a 149 с.  |c ил. 
320 |a Библиогр.: с. 144. 
606 1 |a Статистическая физика  |2 stltpush  |3 (RuTPU)RU\TPU\subj\27931  |9 51579 
610 1 |a учебные пособия 
610 1 |a распределение Гиббса 
610 1 |a статистическая термодинамика 
610 1 |a распределение Максвела-Больцмана 
610 1 |a идеальный газ 
610 1 |a флуктуация 
610 1 |a распределение Гаусса 
610 1 |a неравновесная статистическая механика 
610 1 |a библиотека А. Г. Стромберга 
675 |a 531.19(075.8)  |v 3 
700 1 |a Степухович  |b А. Д.  |g Александр Давидович 
701 1 |a Улицкий  |b В. А.  |g Владимир Анатольевич 
801 1 |a RU  |b 63413507  |c 20140403 
801 2 |a RU  |b 63413507  |c 20191223  |g RCR 
942 |c BK